02060cam a22003254i 4500003000900000005001700009008004100026035001900067040003300086082001700119100004600136245009200182264004000274336002100314337002500335338002300360505124900383526000901632526000901641526000901650526000901659526000901668526000901677526000801686526000801694526000801702526000801710526000801718526000801726PE-LiUPU20250731184545.0150625s r 000 0 d a(Sirsi) a31062 aPE-LiUPUbspacPE-LiUPUerda04a909bIb12211 aIbarra y Rodriguez, Eduardo, dr.,eautor.10aHistoria del mundo en la edad moderna; el desenvolvimiento de las nacionalidades .n10. 1aBarcelona :bRamón Sopena,c1957. atext2rdacontent aunmediated2rdamedia avolume2rdacarrier0 aLa gran Bretaña y el libre cambio. - la caida del constitucionalismo en Francia. - El liberalismo y el nacionalismoen Alemania y Austria. - Revolución de Italia. - República Francesa. - Revolución y reacción en Alemania y en Austria. - La revolución y la reacción en Alemania y Austria. - La realizacion de la unidad federal Suiza. - Rusia y el levante. - El levante. - Napoleon III y el periodo de gobierno personal. - La gran Bretaña y la guerra de Crimea. - Gran Bretaña-os u´ltimos años del ''Whiggismo''. - La literatura Inglesa. - Cavour y el reino de Italia. - Austria, Prusia y la confederación Germánica. - La literatura Alemana. - Bismarck y la unidad Germánica. - El imperio liberal. - Reacción contra el romanticismo en la literatura Francesa. - La consumación de la unidad de Italia. - Literatura del ''Risurgimiento'' y de tiempos posteriores. - Curso de la revolución de España y Portugal. - La guerra Franco-Alemana. - Rusia y el periódo de reformas. - Los territorios Balcánicos. - La literatura Rusa. - Influencia nacionalistas en las literaturas Bohemia y Polaca. - Rolanda y Bélgica. - Escandinavia. - Roma y el concilio del Vaticano. - India y el Afganistán. - El extremo Oriente. aP136 aP135 aP134 aP133 aP144 aP143 aP87 aP35 aP20 aP14 aP10 aP06